[Event "TUR-chT2"]
[Site "Konya"]
[Date "2017.07.14"]
[Round "8.17"]
[White "Bayindir, Abdulsamet"]
[Black "Cinar, Halil Ibrahim"]
[Result "0-1"]
[WhiteElo "1202"]
[BlackElo "1590"]
[PlyCount "130"]
[EventDate "2017.07.09"]
[EventType "team-swiss"]
[EventRounds "9"]
[EventCountry "TUR"]
[SourceTitle "CBM 179 Extra"]
[Source "ChessBase"]
[SourceDate "2017.08.23"]
[SourceVersion "1"]
[SourceVersionDate "2017.08.23"]
[SourceQuality "1"]
[WhiteTeam "Ataturk Univ"]
[BlackTeam "Genclik VE"]
[WhiteTeamCountry "TUR"]
[BlackTeamCountry "TUR"]

1. d4 d5 2. c4 e5 3. dxe5 d4 4. Nf3 Nc6 5. e3 Bb4+ 6. Bd2 dxe3 7. fxe3 Bg4 8. Be2 Bxf3 9. Bxf3 Qh4+ 10. g3 Qxc4 11. Qe2 Qc1+ 12. Kf2 Qxb2 13. Bxb4 Qxe2+ 14. Kxe2 Nxb4 15. Na3 Nc6 16. Nb5 0-0-0 17. Rhc1 Nge7 18. Rab1 a6 19. Nd4 Nxd4+ 20. exd4 c6 21. Bg4+ Kc7 22. Rb4 h5 23. Rcb1 b5 24. Bf3 Nd5 25. Bxd5 Rxd5 26. Rf1 Rf8 27. Ke3 f6 28. Rb2 Re8 29. Rbf2 fxe5 30. Rf7+ Kb6 31. Rxg7 exd4+ 32. Kd2 d3 33. Rf2 b4 34. h4 c5 35. Rg5 Rxg5 36. hxg5 c4 37. g6 Kc5 38. Rf5+ Kd4 39. Rf4+ Kc5 40. g7 Rg8 41. Rf5+ Kb6 42. Rg5 a5 43. Ke3 a4 44. Rg6+ Kb7 45. Kd2 Kc7 46. Ra6 a3 47. Ra4 Kc6 48. Rxb4 Kc5 49. Rb7 Kd4 50. Rd7+ Ke4 51. Rf7 Kd5 52. Kc3 Ke4 53. Kxc4 d2 54. Rd7 Ke3 55. Kc3 Rc8+ 56. Kb3 Ke2 57. Re7+ Kd1 58. Kxa3 Kc2 59. Rc7+ Rxc7 60. g8Q Rc3+ 61. Kb4 d1Q 62. Qg6+ Qd3 63. Qxh5 Qc4+ 64. Ka5 Qxa2+ 65. Kb6 Qb2+ 0-1

[Event "TUR-chT2"]
[Site "Konya"]
[Date "2017.07.10"]
[Round "2.22"]
[White "Cinar, Halil Ibrahim"]
[Black "Bunduk, Fatma Betul"]
[Result "1-0"]
[WhiteElo "1590"]
[BlackElo "1364"]
[PlyCount "87"]
[EventDate "2017.07.09"]
[EventType "team-swiss"]
[EventRounds "9"]
[EventCountry "TUR"]
[SourceTitle "CBM 179 Extra"]
[Source "ChessBase"]
[SourceDate "2017.08.23"]
[SourceVersion "1"]
[SourceVersionDate "2017.08.23"]
[SourceQuality "1"]
[WhiteTeam "Genclik VE"]
[BlackTeam "Edeler Gorme"]
[WhiteTeamCountry "TUR"]
[BlackTeamCountry "TUR"]

1. e4 e5 2. Nf3 Nc6 3. Bb5 d6 4. 0-0 Nf6 5. Nc3 Be7 6. d4 0-0 7. Bxc6 bxc6 8. dxe5 dxe5 9. Nxe5 Bb7 10. Nd3 Re8 11. Bg5 h6 12. Bh4 Qd4 13. Re1 Rad8 14. Bg3 Rc8 15. Kh1 Bb4 16. Nxb4 Qxb4 17. Qd3 Qe7 18. f3 Nh5 19. Bf2 a6 20. Na4 Nf4 21. Qe3 Ne6 22. Nc5 Nxc5 23. Qxc5 Qxc5 24. Bxc5 Rcd8 25. Rad1 g6 26. Bd4 h5 27. Bf6 Rd6 28. Rxd6 cxd6 29. Kg1 d5 30. Rd1 Re6 31. e5 Kh7 32. Rd3 Re8 33. Kf2 Kh6 34. h4 Kh7 35. Ke3 Kg8 36. Kd4 Rc8 37. Kc5 Kf8 38. Rb3 Rb8 39. Kd6 Rc8 40. Rxb7 Ke8 41. Rc7 Rxc7 42. Kxc7 c5 43. Kd6 d4 44. Kxc5 1-0